[Event "Angers op 2nd"]
[Site "Angers"]
[Date "2007.04.14"]
[Round "4.34"]
[White "Guemas, Maurice"]
[Black "Poulet, Nicolas"]
[Result "1-0"]
[WhiteElo "1740"]
[BlackElo "1499"]
[PlyCount "111"]
[EventDate "2007.04.13"]
[EventType "swiss"]
[EventRounds "6"]
[EventCountry "FRA"]
[SourceTitle "CBM 117 Extra"]
[Source "ChessBase"]
[SourceDate "2007.05.09"]
[SourceVersion "1"]
[SourceVersionDate "2007.05.09"]
[SourceQuality "1"]

1. e4 e5 2. Nf3 Nc6 3. Bc4 Nf6 4. Ng5 d5 5. exd5 Na5 6. Bb5+ c6 7. dxc6 bxc6 8. Be2 h6 9. Nf3 Bd6 10. d3 0-0 11. Nc3 Rb8 12. 0-0 Re8 13. Ne4 Nxe4 14. dxe4 Bc7 15. Qxd8 Bxd8 16. b3 Bc7 17. Be3 Bb6 18. Bxb6 axb6 19. Rfd1 Nb7 20. Nd2 b5 21. f3 Be6 22. a4 b4 23. Nc4 Bxc4 24. Bxc4 Na5 25. Be2 Rbd8 26. Rxd8 Rxd8 27. Rd1 Rxd1+ 28. Bxd1 c5 29. Kf2 f6 30. Be2 Kf7 31. Ke3 Ke6 32. Bc4+ Kd6 33. f4 exf4+ 34. Kxf4 Nc6 35. Kf5 Ne7+ 36. Kf4 g5+ 37. Kg4 Ke5 38. Bd3 Nc6 39. Kh5 Ke6 40. Kxh6 Ke5 41. g3 Na5 42. h4 gxh4 43. gxh4 Kd4 44. Kg6 Nxb3 45. h5 Nc1 46. h6 Nxd3 47. h7 Ne1 48. h8Q Nxc2 49. Qxf6+ Kc4 50. Qb2 b3 51. e5 Kb4 52. e6 c4 53. e7 c3 54. Qb1 Na3 55. Qe4+ Nc4 56. e8Q 1-0